Länder nach Gipfel - Statistiken

Allgemein
  • Dieses Quiz wurde 37 mal gespielt
  • Das Durchschnittsergebnis liegt bei 27 aus 188
Antwortstatistiken
Höchster Punkt Land Höhe in Metern % Korrekt
Zugspitze Deutschland 2962
88%
Grossglockner Österreich 3798
88%
Mount Everest China 8848
82%
Mont Blanc Frankreich 4810
82%
Mount Everest Nepal 8848
79%
Aconcagua Argentinien 6960
76%
Mount Fuji Japan 3776
76%
K2 Pakistan 8611
73%
Kilimanjaro/Kibo Tansania 5892
73%
Vatican Hill Vatikanstadt 75
70%
Ben Nevis Vereinigtes Königreich 1345
67%
Galdhøpiggen Norwegen 2469
64%
Denali Vereinigte Staaten 6190.5
64%
Grauspitz Liechtenstein 2599
61%
Pico de São Tomé São Tomé und Príncipe 2024
61%
Mount Kenya Kenia 5199
58%
Mount Olympus Griechenland 2919
55%
Mount Elbrus Russland 5642
55%
Dufourspitze Schweiz 4634
52%
Møllehøj Dänemark 171
48%
Morne Seychellois Seychellen 905
48%
Mount Ararat Türkei 5137
45%
Mount Cameroon Kamerun 4040
42%
Kangchenjunga Indien 8586
39%
Chimborazo Ecuador 6267
36%
Hvannadalshnúkur Island 2110
36%
Monte Bianco Italien 4810
36%
Mount Logan Kanada 5959
36%
Volcán Citlaltépetl Mexiko 5636
33%
Aoraki Neuseeland 3724
33%
Mount Olympus Zypern 1951
33%
Teide Spanien 3718
30%
Mount Kosciuszko Australien 2228
27%
Triglav Slowenien 2864
27%
Sněžka Tschechien 1603
27%
Gangkhar Puensum Bhutan 7570
24%
Gerlachovský štít Slowakei 2655
24%
Volcán Tajumulco Guatemala 4220
21%
Pico Cristóbal Colón/ Pico Simón Bolívar Kolumbien 5700
21%
Kneiff Luxemburg 560
21%
Pico Bolivar Venezuela 4978
21%
Phnom Aural Kambodscha 1810
18%
Qurayn Abu al Bawl Katar 103
18%
Mount Villingili Malediven 5
18%
Huascaran Peru 6768
18%
Moldoveanu Rumänien 2544
18%
Mount Aragats Armenien 4090
15%
Ojos del Salado Chile 6893
15%
Puncak Jaya Indonesien 4884
15%
Bălănești Hill Moldawien 430
15%
Mount Wilhelm Papua-Neuguinea 4509
15%
Ismoil Somoni Peak Tadschikistan 7495
15%
Yu Shan Taiwan 3952
15%
Noshakh Afghanistan 7492
12%
Mount Bazardüzü Aserbaidschan 4485
12%
Maglić Bosnien und Herzegowina 2329
12%
Cerro Chirripó Costa Rica 3820
12%
Mount Stanley/Magherita Peak Demokratische Republik Kongo 5109
12%
Khan Tengri Kasachstan 7010
12%
Aukštojas Hill Litauen 294
12%
Rysi Polen 2499
12%
Jabal Sawda Saudi-Arabien 3000
12%
Fan Si Pan Vietnam 3143
12%
Dzyarzhynskaya Hara Belarus 346
9%
Musala Bulgarien 2925
9%
Damavand Iran 5610
9%
Jabal An-Nabi Shu'ayb Jemen 3666
9%
Jabal Umm ad Dami Jordanien 1854
9%
Jengish Chokusu Kirgisistan 7439
9%
Gaizinkalns Lettland 312
9%
Gunung Kinabalu Malaysia 4095
9%
Jbel Toubkal Marokko 4165
9%
Jabal Shams Oman 3009
9%
Mount Ngerchelchuus Palau 242
9%
Volcán Barú Panam 3475
9%
Montanha do Pico Portugal 2351
9%
Kebnekaise Schweden 2097
9%
Jabal el Sheikh Syrien 2814
9%
Mount Stanley/Margherita Peak Uganda 5109
9%
Kékes Ungarn 1014
9%
Korab Albanien 2764
6%
Como Pedrosa Andorra 2942
6%
Signal de Botrange Belgien 694
6%
Cerro El Pital El Salvador 2730
6%
Cerro Las Minas Honduras 2870
6%
Mount Meron/Mount Hermon Israel 1208
6%
Velika Rudoka Kosovo 2660
6%
Dinari Kroatien 1831
6%
Piton de la Petite Rivière Noire Mauritius 828
6%
Khüiten Peak Mongolei 4374
6%
Hkakabo Razi Myanmar 5581
6%
Königstein Namibia 2573
6%
Paektu-san Nordkorea 2744
6%
Mount Karisimbi Ruanda 4507
6%
Monte Titano San Marino 755
6%
Halla-san Südkorea 1950
6%
Jabal al Jais Vereinigte Arabische Emirate 1910
6%
Mount Catherine Ägypten 2629
3%
Mount Tahat Algerien 3003
3%
Ras Dejen Äthiopien 4550
3%
Saka Haphong Bangladesch 1052
3%
Pico de Neblina Brasilien 2995
3%
Picu Duarte Dominikanische Republik 3098
3%
Suur Munamägi Estland 318
3%
Halti Finnland 1324
3%
Mont Nimba Guinea 1752
3%
Mount Roraima Guyana 2772
3%
Carrauntoohil Irland 1038
3%
Phou Bia Laos 2817
3%
Thabana Ntlenyana Lesotho 3482
3%
Qurnat as Sawda Libanon 3088
3%
Ta'Dmejrek Malta 253
3%
Zla Kolata Montenegro 2534
3%
Command Ridge Nauru 71
3%
Mount Scenery Niederlande 887
3%
Mont Idoukal-n-Taghès Niger 2022
3%
Golem Korab Nordmazedonien 2764
3%
Mount Apo Philippinen 2954
3%
Mafadi Südafrika 1234
3%
Emi Koussi Tschad 3445
3%
Jebel ech Chambi Tunesien 1544
3%
Aýrybaba Turkmenistan 3139
3%
Hoverta Ukraine 2061
3%
Mount Moco Angola 2620
0%
Boggy Peak Antigua und Barbuda 402
0%
Pico Basile Äquatorial-Guinea 3008
0%
Mount Alvernia Bahamas 63
0%
Mountain of Smoke Bahrain 122
0%
Mount Hillaby Barbados 336
0%
Doyle's Delight Belize 1124
0%
Mont Sokbaro Benin 658
0%
Sajama Bolivien 6542
0%
Otse Hill Botswana 1491
0%
Bukit Pagon Brunei 1850
0%
Mount Tenakourou Burkina Faso 749
0%
Mount Heha Burundi 2684
0%
Pico de Fogo Cap Verde 2829
0%
Morne Diablotins Dominica 1447
0%
Mousa Ali Dschibuti 2028
0%
Mont Nimba Elfenbeinküste 1752
0%
Emba Soira Eritrea 3018
0%
Emlembe Eswatini 1826
0%
Tomanivi Fidschi 1324
0%
Nanlaud Föderierte Staaten von Mikronesien 782
0%
Mont Bengoué Gabun 1070
0%
Shkhara Georgien 5201
0%
Mount Afadjato Ghana 880
0%
Mount Saint Catherine Grenada 840
0%
Pic la Selle Haiti 2680
0%
Cheekha Dar Irak 3611
0%
Blue Mountain Peak Jamaika 2256
0%
Mount Karthala Komoren 2360
0%
Pico Turquino Kuba 1974
0%
Mutla Ridge Kuwait 306
0%
Mount Wuteve Liberia 1440
0%
Bikku Bitti Libyen 2267
0%
Maromokotro Madagaskar 2386
0%
Mount Mulanie Malawi 3002
0%
Hombori Tondo Mali 1155
0%
Kediet ej Jill Mauretanien 915
0%
Monte Binga Mosambik 2436
0%
Mogotón Nicaragua 2107
0%
Chappal Waddi Nigeria 2419
0%
Cerro Peró Paraguay 842
0%
Mont Nabemba Republik Kongo 1020
0%
Mount Popomanaseu Salomonen 2335
0%
Mafinga Central Sambia 3450
0%
Mauga Silisili Samoa 1857
0%
Rudoka Serbien 2169
0%
Mount Bintumani Sierra Leone 1948
0%
Mount Nyangani Simbabwe 2592
0%
Bukit Timah Hill Singapur 164
0%
Shimbiris Somalia 2450
0%
Pidurutalagala Sri Lanka 2524
0%
Mount Liamuiga St. Kitts und Nevis 1156
0%
Mount Gimie St. Lucia 950
0%
La Soufrière St. Vincent und die Grenadinen 1484
0%
Deriba Caldera Sudan 3042
0%
Kinveti Südsudan 3187
0%
Juliana Top Suriname 1230
0%
Doi Inthanon Thailand 2565
0%
Mount Ramelau Timor-Leste 2963
0%
Mont Agou Togo 986
0%
El Cerro del Aripo Trinidad und Tobago 940
0%
Cerro Catedral Uruguay 514
0%
Khazret Sultan Usbekistan 4643
0%
Mount Tabwemasana Vanuatu 1877
0%
Mont Ngaoui Zentralafrikanische Republik 1420
0%
Keine übereinstimmenden Quizze gefunden
Verteilung der Resultate
Anzahl Personen mit jedem Resultat
Perzentil nach korrekt beantworteten Fragen
Ihre Resultats-Entwicklung
Sie haben dieses Quiz noch nicht gespielt